|
|
|
|
| LEADER |
00000nam0a2200000 4500 |
| 001 |
379437 |
| 005 |
20231211130724.0 |
| 010 |
|
|
|a 978-5-17-078599-5
|
| 035 |
|
|
|a (RuTPU)RU\TPU\retro\36904
|
| 090 |
|
|
|a 379437
|
| 100 |
|
|
|a 20231003d km y0rusy50 ca
|
| 101 |
1 |
|
|a rus
|c eng
|
| 102 |
|
|
|a RU
|
| 105 |
|
|
|a y z 001yc
|
| 181 |
|
0 |
|a i
|b e
|
| 182 |
|
0 |
|a n
|
| 183 |
|
0 |
|a nc
|2 RDAcarrier
|
| 200 |
1 |
|
|a Квант: Эйнштейн, Бор и великий спор о природе реальности
|d Quantum: Einstein, Bohr and the great debate about the nature of reality
|f Манжит Кумар
|g пер. с англ. И. Кагановой
|
| 203 |
|
|
|a Текст
|b визуальный
|c непосредственный
|
| 210 |
|
|
|a Москва
|c АСТ
|c CORPUS
|d 2013
|
| 215 |
|
|
|a 590 с.
|
| 225 |
1 |
|
|a Элементы
|
| 283 |
|
|
|a volume
|2 RDAcarrier
|
| 320 |
|
|
|a Глоссарий: с. 477-493
|
| 320 |
|
|
|a Примечания: с. 494-544
|
| 320 |
|
|
|a Библиография: с. 545-566
|
| 320 |
|
|
|a Предметно-именной указатель: с. 569-590
|
| 330 |
|
|
|a Однажды, когда Чарли Чаплина и Альберта Эйнштейна окружила восторженная толпа, Чаплин заметил: "Меня приветствуют потому, что меня понимают все, а вас — потому, что не понимает никто". С тех пор наука стала еще менее доступной пониманию публики. Английский журналист рассказывает о проблемах, занимавших физиков первой половины XX века, искусно соединяя описание человеческих черт "небожителей" — авторов квантовой теории — с рассказом о трудной, но веселой науке, которую они творили. Что получилось? Биография идеи, которая читается кактриллер. Путеводитель по парадоксальному миру. Научно-популярная книга, которая сбивает с толку и дает почувствовать себя почти гением.
|
| 510 |
1 |
|
|a Quantum: Einstein, Bohr and the great debate about the nature of reality
|z eng
|
| 600 |
|
1 |
|a Бор
|b Н. Х. Д.
|c датский физик
|f 1885-1962
|g Нильс Хедрик Давид
|9 419
|
| 600 |
|
1 |
|a Эйнштейн
|b А.
|c немецкий физик-теоретик
|c Нобелевский лауреат
|f 1879-1955
|g Альберт
|9 364
|
| 606 |
1 |
|
|a Квантовая механика
|9 40667
|
| 610 |
1 |
|
|a свет
|
| 610 |
1 |
|
|a квантовая физика
|
| 610 |
1 |
|
|a квантовая теория
|
| 610 |
1 |
|
|a реальность
|
| 610 |
1 |
|
|a Вселенная
|
| 610 |
1 |
|
|a энергия
|
| 610 |
1 |
|
|a свет
|
| 610 |
1 |
|
|a элементарные частицы
|
| 610 |
1 |
|
|a электроны
|
| 610 |
1 |
|
|a квант
|
| 610 |
1 |
|
|a физики
|
| 610 |
1 |
|
|a учёные
|
| 610 |
1 |
|
|a физические эксперименты
|
| 675 |
|
|
|a 530.145.6
|v 4
|z rus
|
| 700 |
|
1 |
|a Кумар
|b М.
|4 070
|g Манжит
|
| 702 |
|
1 |
|4 730
|a Каганова
|b И.
|g Инна
|
| 801 |
|
1 |
|a RU
|b 63413507
|c 20231003
|
| 942 |
|
|
|c BK
|